Welcome to CU Library Online Public Access Catalogue (OPAC)

Copinger and Skone James on copyright / (Record no. 3818)

MARC details
000 -LEADER
fixed length control field 01658cam a2200313 i 4500
001 - CONTROL NUMBER
control field 19080239
005 - DATE AND TIME OF LATEST TRANSACTION
control field 20250211180742.0
008 - FIXED-LENGTH DATA ELEMENTS--GENERAL INFORMATION
fixed length control field 160503t20162016enk bl 001 0 eng c
020 ## - INTERNATIONAL STANDARD BOOK NUMBER
International Standard Book Number 9780414070400
050 00 - LIBRARY OF CONGRESS CALL NUMBER
Classification number KD1289
Item number .C6 2019
100 ## - MAIN ENTRY--PERSONAL NAME
Personal name Davies, Gillian
245 00 - TITLE STATEMENT
Title Copinger and Skone James on copyright /
Statement of responsibility, etc. by Gillian Davies (D.L., PH. D., of Lincoln's Inn, Barrister, Professor of International Copyright Law, Centre for Commercial Law Studies, Queen Mary, University of London), Nicholas Caddick (M.A., B.C.L., One of her Majesty's Counsel) ; Gwilym Harbottle (B.A. (Oxon), of Lincoln's Inn, Barrister).
250 ## - EDITION STATEMENT
Edition statement Seventeenth edition.
260 ## - PUBLICATION, DISTRIBUTION, ETC.
Place of publication, distribution, etc. UK
Name of publisher, distributor, etc. Thomson Reuters
Date of publication, distribution, etc. c2019
300 ## - PHYSICAL DESCRIPTION
Extent 2 volumes ; Lv, 737 p.;
Dimensions 25 cm.
Other physical details ill.
500 ## - GENERAL NOTE
General note "Senior editors: Gillian Davies ... Nicholas Caddick ... Gwilym Harbottle"--Volume 1, page v.
500 ## - GENERAL NOTE
General note "This edition has a different focus from earlier editions. The starting point of most chapters is no longer the national law of copyright laid down in the 1988 Act, as amended, but the law of the EU"--Preface.
500 ## - GENERAL NOTE
General note First edition published in 1870 under title: The law of copyright, in works of literature and art.
500 ## - GENERAL NOTE
General note Includes legislation.
500 ## - GENERAL NOTE
General note includes index
650 #0 - SUBJECT ADDED ENTRY--TOPICAL TERM
Topical term or geographic name entry element Copyright
Geographic subdivision Great Britain.
650 #0 - SUBJECT ADDED ENTRY--TOPICAL TERM
Topical term or geographic name entry element Copyright
Geographic subdivision European Union countries.
700 1# - ADDED ENTRY--PERSONAL NAME
Personal name Davies, Gillian,
Relator term editor.
700 1# - ADDED ENTRY--PERSONAL NAME
Personal name Caddick, Nicholas,
Relator term editor.
700 1# - ADDED ENTRY--PERSONAL NAME
Personal name Harbottle, Gwilym,
Relator term editor.
700 1# - ADDED ENTRY--PERSONAL NAME
Personal name Skone James, E. P.
700 1# - ADDED ENTRY--PERSONAL NAME
Personal name Copinger, Walter Arthur,
Dates associated with a name 1847-1910.
Title of a work Law of copyright, in works of literature and art.
942 ## - ADDED ENTRY ELEMENTS (KOHA)
Source of classification or shelving scheme Library of Congress Classification
Koha item type Books
Edition 17th
Suppress in OPAC No
999 ## -
-- 3818
-- 3818
Holdings
Withdrawn status Lost status Source of classification or shelving scheme Damaged status Not for loan Collection Home library Current library Shelving location Date acquired Total checkouts Full call number Barcode Date last seen Price effective from Koha item type Copy number
    Library of Congress Classification     Non-fiction Law Library (Christ Temple) Law Library (Christ Temple) General stacks 04/24/2025   KD1289.C6 COP LLCT00000606 04/24/2025 04/24/2025 Books 1
    Library of Congress Classification     Non-fiction Law Library (Kumasi) Law Library (Kumasi) General stacks 02/11/2025   KD 1289.C6 COP llk00000078 02/11/2025 02/11/2025 Books  
© 2023-2024 Copyright: Central University Libraries. All Rights Reserved | Created by: Mahone Tech Office